Normal view
MARC view
Entry Personal Name
001 - CONTROL NUMBER
- control field: 18132
003 - CONTROL NUMBER IDENTIFIER
- control field: BD-RjUL
005 - DATE AND TIME OF LATEST TRANSACTION
- control field: 20260415103839.0
008 - FIXED-LENGTH DATA ELEMENTS
- fixed length control field: 260415|| aca||aabn | a|a d
040 ## - CATALOGING SOURCE
- Original cataloging agency: BD-RjUL
- Transcribing agency: BD-RjUL
100 ## - HEADING--PERSONAL NAME
- Personal name: سندیلوی؛ شجاعت علی ;; Sandilvi; Shujaat Ali
670 ## - SOURCE DATA FOUND
- Source citation: Work cat.: (BD-RjUL)86362: حالی ،الطاف حسین ;; Hali, Altaf Hussain 18131, مثنویات حالی ;; The Masnaviyat Hali /, 1960